Statistiques concernant Soprano en chansons # 16

Cliquez ici pour prendre le quiz!

Statistiques générales

  • Ce quiz a été pris 449 fois
  • Le résultat moyen est 11 sur 20

Statistiques - réponses

ParolesChansons% Correct
Désolé ce soir je n'ai pas le sourire
Je fais mine d'être sur la piste malgré la routine
J'ai le maquillage qui coule, mes larmes font de la lessive
Clown
90%
Où sont les filles, les femmes
Au tempérament de guerrière
Oui, qui savent comment faire la fête
Qu'elles soient mères ou célibataires
Cosmo
87%
Comme Zinedine Zidane face à l'équipe du Brazil
Ce soir, tout me sourit même Monica Bellucci
En feu
85%
Au milieu des gens
Je chante, je danse mais quand arrive la nuit
Ton absence et ton fou rire
Font trop de bruit, impossible de dormir
Roule
80%
Faut taffer le cardio pour mieux endurer
Faut taffer les abdos pour mieux encaisser
La vie c'est musclé ouais ouais ouais
Le coach
72%
Je vois dehors
Des cœurs en panne
Des cœurs en or
Devenir des cœurs de pierre
Coeurdonnier
66%
Oui, j'ai besoin d'air, je suis à découvert
Si tu m'aimes rends-moi _____________
Pour m'acheter ce qui n'a pas de prix
Dans ce monde éphémère
Millionnaire
63%
J'ai grimpé, j'ai grimpé, j'ai grimpé sans lâcher mes principes et mes valeurs
Jamais j'oublierai d'où je viens je sais ce que c'est d'être un homme de couleur
Mon Everest
61%
Jeffrey, remets nous des glaçons
Jeffrey, remets nous des glaçons
J'débarque dans le VIP stylé comme _____________
Une arrivée royale comme Eddie Murphy dans le Queens
Fresh prince
60%
Si j'avais eu le pouvoir de ______ Nakamura
Je serais parti revivre la naissance de Lenny et d'Inaya
J'aurais été à Sanaa boycotter le décollage de l'A310 de la Yemenia
Hiro
59%
Ta douce mélodie me réveille chaque matin
Avant même d'embrasser ma femme, je te prends par la main
Puis, je te caresse le visage pour voir si tout va bien
Mon précieux
59%
Mais l'époque a changé
Les hommes n'ont plus besoin de moi
Oui l'époque a changé
J'ai tout perdu depuis que les hommes font bien pire que moi
Le diable ne s'habille plus en Prada
55%
Oui et moi
Mes états d'âme et mes tourments
Ici personne ne veut les entendre
C'est normal, je ne reste que le ________
Barman
49%
Tu l'as plaqué pour un prince charmant
Grand, musclé, gros bolide allemand
Cultivé, riche et élégant
Il avait le pedigree d'un super amant
Ninja
47%
On a tous un jour eu ce moment de magie
Croisé ce héros malgré lui qui veut sauver une vie
Un mot, un sourire, une histoire et l'espoir fleurit
A nos héros du quotidien
46%
Pour elle de se faire des amis
Était quasi impossible
Tu connais les gosses, entre eux méchants
Quand ils ont trouvé leur cible
Fragile
38%
Comme Diego dans La Bombonera (Bobobobo, bobobobo)
Comme Savastano dans la Scampia (méchant-méchant, méchant-méchant)
On vient rentrer dans la Leyenda (ouais, ouais, ouais, ouais)
Zoum
31%
Maman m'a dit la vie n'est pas facile
Mais plus facile avec un grand sourire
Donc je souris quand j'ai mal à la vie
Car maman m'a dit qu'il y a toujours plus maudit
A la vie à l'amour
26%
Ma jeunesse passe des nuits à se tuer à PES
A gratter des fesses sur MSN ou Myspace
Elle casse la tirelire pour enrichir Konami
Elle consomme plus d'herbe que les vaches de Kamini
A la bien
23%
On a tous besoin d'un rêve pour se sentir vivant
On a tous le potentiel pour faire quelque chose de grand
Combien dе fois j'ai ressenti ce drôlе de pressentiment ?
Ce petit truc en nous qui peut changer le sens du vent ?
Près des étoiles
17%

Distribution des résultats

Percentile par nombre de réponses

% des personnes avec chaque résultat

Votre développement - résultats

Vous n’avez pas pris ce quiz